000 00596nam a2200217Ia 4500
005 20241129111226.0
008 241129s9999||||xx |||||||||||||| ||und||
020 _a978-1-009-35064-8
037 _aTB
040 _aCRL
_beng
_cCRL
041 _aeng
_2eng
084 _aA0aY.2 R3
_qCRL
100 _aDeepak Kumar Au.
_9546497
245 0 _aScience and society in modern India
_cDeepak Kumar Au.
260 _aCambridge, UK
_bUniversity Press
_c2023
300 _a168p.
365 _aINR
_b650
650 _aNatural Science
942 _cTB
_hA0aY.2 R3
999 _c1229466
_d1229466